| 000 | 00471cam a2200181ua 4500 | ||
|---|---|---|---|
| 020 | _c85.00 | ||
| 041 |
_aeng _h |
||
| 082 |
_a005.43 _bKOC/EX |
||
| 100 | _aKochan, Stephen G . | ||
| 245 |
_aExploring the UNIX system / _cStephen G Kochan. _hTextual Documents |
||
| 260 |
_aNew Delhi : _bC B S Publishers & Distributers , _c1987. |
||
| 300 | _a371 ; . | ||
| 365 | _a85.00 | ||
| 504 | _a | ||
| 700 | 1 | _aWood, Patrick H . | |
| 942 | _cBK | ||
| 999 |
_c9738 _d9738 |
||